[Event "San Francisco Benson Memorial"]
[Site "San Francisco"]
[Date "2016.08.09"]
[Round "2"]
[White "Waharte, Louka"]
[Black "Donnelly, Patrick T"]
[Result "1-0"]
[WhiteElo "1366"]
[BlackElo "1641"]
[PlyCount "37"]
[EventDate "2016.08.02"]
[EventType "swiss"]
[EventRounds "9"]
[EventCountry "USA"]
[SourceTitle "EXT 2018"]
[Source "ChessBase"]
[SourceDate "2017.10.13"]
[SourceVersion "1"]
[SourceVersionDate "2017.10.13"]
[SourceQuality "1"]

1. e4 c5 2. Nf3 d6 3. d4 cxd4 4. Nxd4 Nf6 5. Nc3 a6 6. Bc4 e6 7. Bb3 Be7 8. 0-0 0-0 9. Bg5 Nxe4 10. Bxe7 Nxc3 11. Bxd8 Nxd1 12. Bh4 Nxb2 13. Rab1 e5 14. Ne2 Nd3 15. cxd3 Bf5 16. Rbd1 Nc6 17. Ng3 Bg6 18. Ne4 Bxe4 19. dxe4 1-0